Score 0/20 Timer 05:00
0 Plays Today
Scramble Answer % Correct
AAHIKRSShakira
89.7%
ACEIJMMRRTYJimmy Carter
61.1%
BCIILLLNNOTBill Clinton
52%
AABBDHIUAbu Dhabi
50.8%
CCEIIMOTXYMexico City
46.6%
EFHIJLLSYJellyfish
45.2%
ACIORCairo
40.8%
AHIMOOPPPSTUHippopotamus
39.2%
ACEEHIMNPZChimpanzee
34.8%
DEEGGHHOHedgehog
32%
Scramble Answer % Correct
AAADGGLYLady Gaga
30.2%
ACDHIINNORRXRichard Nixon
27.1%
EEILNORVWWolverine
26.7%
AEEFFHJMNOORSSTThomas Jefferson
20.3%
CEILMRSUYYMiley Cyrus
17.5%
EHJLNORTYJohn Tyler
17.2%
EEGIIKLMNOUYKylie Minogue
14.9%
ACEEGHNNOPCopenhagen
14.2%
ABBEIIILLMORSWRobbie Williams
4.9%
ABEEINORSSUBuenos Aires
2.4%
Remove Ads.
Support Sporcle.
Get the best of Sporcle when you Go Orange. This ad-free experience offers more features, more stats, and more fun while also helping to support Sporcle. Thank you for becoming a member.

You're not logged in!

Compare scores with friends on all Sporcle quizzes.
OR
Log In

Show Comments

Extras

Top Quizzes Today


Score Distribution

Your Account Isn't Verified!

In order to create a playlist on Sporcle, you need to verify the email address you used during registration. Go to your Sporcle Settings to finish the process.

Report this User

Report this user for behavior that violates our Community Guidelines.

Details: